000 00405nam a2200169Ia 4500
001 3620
003 IN-NITTTR
005 20251114232949.0
008 251113s9999||||xx |||||||||||||| ||eng||
040 _beng
040 _cIN-NITTTR
041 _aeng
082 _a925.2 K743C
100 _aKnight, David C.
245 0 _aCopernicus :
_b titan of modern astronomy. /
_cKnight, David C.
942 _2ddc
_cBK
999 _c5949
_d5949